Don Juan, tone poem after Lenau

Hlavní autor: Strauss, Richard, 1864-1949
Korporativní autor: Filharmonie Brno
Další autoři: Rückert, Friedrich, 1788-1866, Novotný, František, 1964-, Bytnarová, Karla, 1973-, Turnovský, Martin, 1928-2021, Lenau, Nikolaus, 1802-1850, Korngold, Erich Wolfgang, 1897-1957., Mahler, Gustav, 1860-1911.
Vydáno: Jihlava : Praha : Vysočina region ;Arco Diva, p2008
Témata:
Fyzický popis: 1 zvuková deska (61:56) : digital, stereo ; 12 cm
Zvukové nahrávky
Uloženo v:
LEADER 02884njm a2200625 a 4500
001 000950023
003 CZ BrMZK
005 20090824110227.0
007 sd fsngnnmmned
008 090626s2008 xr mun g d
024 3 |a 8594029811089 
028 0 1 |a UP 0108-2 131  |b Arco Diva 
040 |a BOA001  |b cze 
040 |a ABA001  |b cze 
041 0 |d ger  |g eng  |g ger  |g cze 
047 |a sp  |a co  |a sg 
048 |a oa01 
048 |b sa01  |a oa01 
048 |b vu01  |a oa01 
072 7 |a 78  |x Hudba  |2 Konspekt  |9 9 
080 |a 785.11.04  |2 MRF 
080 |a 787.1.082.4  |2 MRF 
080 |a 784.3/.7.082.4  |2 MRF 
080 |a (086.76)  |2 MRF 
100 1 |a Strauss, Richard,  |d 1864-1949  |7 jn20000605184  |4 cmp 
240 1 0 |a Don Juan 
245 1 0 |a Don Juan, tone poem after Lenau  |h [zvukový záznam] /  |c Richard Strauss.^^Concerto for violin and orchestra in D major / Erich Wolfgang Korngold.^^Fünf Rückert-Lieder / Gustav Mahler 
246 3 4 |a Strauss, Korngold, Mahler 
260 |a Jihlava :  |b Vysočina region ;  |a Praha :  |b Arco Diva,  |c p2008 
300 |a 1 zvuková deska (61:56) :  |b digital, stereo ;  |c 12 cm 
306 |a 001717  |a 002539  |a 001845 
500 |a Živá nahrávka 
500 |a Vydal Arco Diva pro kraj Vysočina 
500 |a Fongram p2008 Vysočina region + Arco Diva 
500 |a Kompaktní deska (DDD) 
500 |a Poznámka Jiří Štilec 
505 0 |a Don Juan, symfonická báseň podle Lenaua, op. 20 / R. Strauss (17:17) -- Koncert D dur pro housle a orchestr, op. 35 / E.W. Korngold (25:39) -- 5 písní na verše F. Rückerta. Blicke mir nicht in die Lieder ; Liebst du um Schönheit ; Ich atmet' einen linden Duft ; Um Mitternacht ; Ich bin der Welt abhanden gekommen / G. Mahler (18:45) 
511 0 |a František Novotný, housle (2-4) ; Karla Bytnarová, mezzosoprán (5-9) ; Filharmonie Brno, Martin Turnovský, dirigent 
518 |a Nahráno na Mahlerově festivalu v Jihlavě 14.9.2007 
650 0 7 |a symfonické básně  |7 ph126357  |2 czenas 
650 0 7 |a koncerty (housle, orchestr)  |7 ph333380  |2 czenas 
650 0 7 |a koncertní písně  |7 ph291748  |2 czenas 
655 7 |a kompaktní desky  |7 fd201991  |2 czenas 
700 1 |a Rückert, Friedrich,  |d 1788-1866  |7 jn20000701548  |4 lyr 
700 1 |a Novotný, František,  |d 1964-  |7 ola2002150074  |4 itr 
700 1 |a Bytnarová, Karla,  |d 1973-  |7 jn20010601738  |4 sng 
700 1 |a Turnovský, Martin,  |d 1928-2021  |7 js20020325009 
700 1 |a Lenau, Nikolaus,  |d 1802-1850  |7 js20221150878  |4 ant 
700 1 2 |a Korngold, Erich Wolfgang,  |d 1897-1957.  |t Koncerty,  |m housle, orchestr,  |n op. 35,  |r D dur  |7 aun2009521423 
700 1 2 |a Mahler, Gustav,  |d 1860-1911.  |t Lieder nach Rückert  |7 aun2009521429 
710 2 |a Filharmonie Brno  |7 ko2006332769 
910 |a BOA001  |b CD-0015.407 
990 |a AV 
991 |b 200908 
996 6 |b 261H017087  |c CD-0015.407  |l MZK  |r Sklad / do 24 hodin  |n 2  |w 001082087  |u 000010  |a 1  |e BOA001  |j MZK50  |s P